000 00897nam a2200301Ia 4500
003 OSt
005 20220912151346.0
006 a|||||r|||| 00| 0
007 ta
008 220909b |||||||| |||| 00| 0 eng d
020 _a0333640683 (pbk)
024 _a5095
037 _bNice,
037 _cTextual
040 _aCSL
_beng
_cCSL
041 _aeng
082 _aY15-221, N7
100 _aChant Sylvia
245 0 _aWomen-headed households: diversity and dynamics in the developing world by Sylvia Chant
260 _aHampshire
_bMacmillan Press Ltd
_c1997
300 _aix, 338p
500 _aIncludes bibliographical references; Indexes 322-338p; ^n23/CSL/Y17/97-98/5079^d1998-02-07^mPurchase
650 _a Single parent
650 _a Women
650 _aSociology
942 _hY15-221, N7
_cTEXL
_2CC
999 _c66943
_d66943